000 00490nam a2200181 a 4500
001 7026
003 CO-ViMGA
008 141112s2004 ck r 000 u spa d
040 _aCO-ViMGA
_bspa
_cCO-ViMGA
082 0 4 _a677.64 L378
100 1 _aLesur, Luis
_96081
245 1 0 _aManual de tapicería :
_buna guía paso a paso
260 _aMexico :
_bTrillas,
_c1992
300 _a144 p : il
490 _aCómo hacer bien y fácil
650 1 4 _aTAPICERIA - MANUALES
_96082
942 _2ddc
_cBK
999 _c18991
_d18991